[Event "2nd Guotai Cup Belt Road 2019"]
[Site "Qinhuangdao"]
[Date "2019.04.20"]
[Round "5.6"]
[White "Zhao, Chenxi"]
[Black "Zvjaginsev, Vadim"]
[Result "0-1"]
[WhiteElo "2367"]
[BlackElo "2641"]
[Annotator "RC"]
[PlyCount "58"]
[EventDate "2019.04.16"]
[EventType "swiss"]
[EventCountry "CHN"]
[SourceTitle "playchess.com"]
[Source "ChessBase"]
[SourceQuality "1"]
[TimeControl "5400+30"]

1. e4 {[%emt 0:00:00]} c5 {[%emt 0:00:00]} 2. Nf3 {[%emt 0:00:00]} e6 {[%emt 0:00:00]} 3. Nc3 {[%emt 0:02:39]} d6 {[%emt 0:00:41]} 4. b3 {[%emt 0:01:41]} Nf6 {[%emt 0:01:52]} 5. Bb2 {[%emt 0:00:07]} Be7 {[%emt 0:00:37]} 6. d4 {[%emt 0:01:03]} Qa5 {[%emt 0:08:03]} 7. Bb5+ {[%emt 0:06:16]} Bd7 {[%emt 0:08:07]} 8. Bxd7+ {[%emt 0:00:56]} Nbxd7 {[%emt 0:00:12]} 9. O-O {[%emt 0:00:23]} cxd4 {[%emt 0:00:21]} 10. Qxd4 {[%emt 0:02:10]} O-O {[%emt 0:03:57]} 11. Nd2 {[%emt 0:04:11]} Qc5 {[%emt 0:10:54]} 12. Qxc5 {[%emt 0:01:14]} Nxc5 {[%emt 0:00:05]} 13. Rad1 {[%emt 0:00:45]} Rfd8 {[%emt 0:08:37]} 14. f3 {[%emt 0:03:26]} d5 {[%emt 0:06:50]} 15. exd5 {[%emt 0:00:44]} exd5 {[%emt 0:01:47]} 16. Rfe1 {[%emt 0:01:41]} Ne6 {[%emt 0:00:21]} 17. Ncb1 {[%emt 0:03:04]} Rac8 {[%emt 0:07:30]} 18. c4 {[%emt 0:01:08]} dxc4 {[%emt 0:05:16]} 19. Nxc4 {[%emt 0:01:09]} b5 {[%emt 0:00:22]} 20. Rxd8+ {[%emt 0:02:33]} Bxd8 {[%emt 0:05:16]} 21. Nca3 {[%emt 0:02:40]} Bb6+ {[%emt 0:01:57]} 22. Kh1 {[%emt 0:00:41]} Nf4 {[%emt 0:06:22]} 23. Rd1 {[%emt 0:03:41]} a6 {[%emt 0:01:00]} 24. Bxf6 {[%emt 0:00:47]} gxf6 {[%emt 0:00:07]} 25. g3 {[%emt 0:00:27]} Ne2 {[%emt 0:05:07]} 26. Kg2 {[%emt 0:00:26]} Rc1 {[%emt 0:02:45]} 27. Rd2 {[%emt 0:10:11]} Nd4 {[%emt 0:00:38]} 28. Rd3 {[%emt 0:00:46]} Ne6 {[%emt 0:03:20]} 29. Rd2 {[%emt 0:08:35]} Ng5 {[%emt 0:00:20]} 0-1

[Event "2nd Guotai Cup Belt Road 2019"]
[Site "Qinhuangdao"]
[Date "2019.04.20"]
[Round "5.7"]
[White "Zou, Chen"]
[Black "Lu, Shanglei"]
[Result "0-1"]
[WhiteElo "2397"]
[BlackElo "2625"]
[Annotator "TA"]
[PlyCount "112"]
[EventDate "2019.04.16"]
[EventType "swiss"]
[EventCountry "CHN"]
[SourceTitle "playchess.com"]
[Source "ChessBase"]
[SourceQuality "1"]

{[%evp 21,112,62,74,64,60,61,88,104,116,111,113,94,90,75,69,35,30,31,24,23,40,0,0,-89,-97,-90,-90,-96,-97,-104,-98,-94,-44,-103,-104,-88,-96,-95,-103,-103,-98,-91,-94,-95,-95,-98,-70,-120,-118,-117,-96,-95,-60,-93,-111,-146,-142,-136,-95,-98,-77,-152,-157,-156,-152,-162,-97,-120,-99,-105,-148,-154,0,-182,-166,-329,-320,-481,-481,-472,-445,-708,-695,-503,-438,-5222,-5069,-29975,-29976,-29976,-29976,-29975,-29971]} 1. d4 Nf6 2. c4 c5 3. d5 e6 4. Nc3 exd5 5. cxd5 d6 6. Nf3 g6 7. Bf4 a6 8. a4 Bg7 9. h3 O-O 10. e3 Nh5 11. Bh2 f5 12. Be2 {A61: Modern Benoni: Nf3 without early e4} Qe7 (12... f4 13. Qd2 Bh6 14. e4 Bg7 15. O-O Nd7 16. Ne1 Ndf6 17. Nd3 Qe8 18. Rfe1 g5 19. e5 dxe5 {1-0 (32) So,W (2762)-Van Wely,L (2667) Wijk aan Zee 2015}) 13. O-O Nd7 14. Nd2 {White is better.} Ne5 $146 ({Predecessor:} 14... Nhf6 15. Nc4 Ne8 16. a5 Rb8 17. Na4 Ne5 18. Rb1 Nxc4 19. Bxc4 {1-0 (28) Vorobiov,E (2598)-Ris,R (2421) Aghios Kirykos 2009}) 15. Bxh5 gxh5 16. Bxe5 Bxe5 17. Nc4 h4 18. Nxe5 Qxe5 19. Qh5 Qf6 20. a5 Bd7 21. Kh1 Rae8 22. g3 (22. Rae1 $11) 22... hxg3 $17 {Threatens to win with ...Kh8.} 23. Rg1 Kh8 24. Rxg3 f4 25. exf4 Qxf4 26. Rag1 Bf5 ({Don't play} 26... Qxf2 $6 27. Qh6 $1 $11 {[%mdl 512]}) 27. f3 ({Better is} 27. Rg5 $15) 27... Re5 28. Qg5 {[%csl Gg1,Gg3][%cal Rg5g7]} Bg6 29. Qxf4 Rxf4 30. Rf1 Kg7 31. Rg4 Rd4 32. Rf2 Kf7 33. Kh2 Re1 34. Rg1 Rxg1 35. Kxg1 {[%mdl 4096] Endgame KRB-KRN} Bd3 36. Rg2 Bf5 37. Rh2 Rb4 38. Kf1 h5 39. h4 Kf6 40. Ke1 Rd4 41. Kf2 {[#]} (41. Kf1 $142) 41... Rd2+ $1 42. Kg3 Rxh2 43. Kxh2 {KB-KN} Ke5 44. Kg3 Bd3 45. Kf2 Kf4 46. Nd1 {[#]} Bc4 $2 (46... Bg6 $1 $17 47. Nc3 Bf7) 47. Ne3 $2 (47. Nc3 $1 $11 {and White is okay.}) 47... Bb3 48. Ke2 $2 (48. Ng2+ Ke5 49. Ke3) 48... Ke5 $19 49. Kf2 (49. Kd3 $142) 49... Bxd5 50. Kg3 Bf7 51. Nd1 (51. Kf2 $142 d5 52. Nf1) 51... d5 52. Nc3 d4 53. Ne2 (53. Ne4 $142 Kd5 54. Kf4) 53... Bc4 54. Nf4 d3 {Black mates.} 55. Ng2 d2 56. Ne3 Bb3 {Accuracy: White = 42%, Black = 76%.} 0-1

[Event "2nd Guotai Cup Belt Road 2019"]
[Site "Qinhuangdao"]
[Date "2019.04.20"]
[Round "5.8"]
[White "Chen, Qi b"]
[Black "Wu, Wenjin"]
[Result "1-0"]
[WhiteElo "2424"]
[BlackElo "2345"]
[Annotator "NA"]
[PlyCount "158"]
[EventDate "2019.04.16"]
[EventType "swiss"]
[EventCountry "CHN"]
[SourceTitle "playchess.com"]
[Source "ChessBase"]
[SourceQuality "1"]
[TimeControl "5400+30"]

1. e4 {[%emt 0:00:00]} e5 {[%emt 0:02:18]} 2. Nf3 {[%emt 0:00:00]} d6 {[%emt 0:01:49]} 3. d4 {[%emt 0:00:41]} exd4 {[%emt 0:00:40]} 4. Nxd4 {[%emt 0:00:04]} Be7 {[%emt 0:00:07]} 5. Nc3 {[%emt 0:01:49]} Nf6 {[%emt 0:00:11]} 6. g3 {[%emt 0:00:29]} d5 {[%emt 0:02:51]} 7. e5 {[%emt 0:03:15]} Ne4 {[%emt 0:03:13]} 8. Nxe4 $1 {[%emt 0:15:44]} dxe4 {[%emt 0:00:07]} 9. e6 {[%emt 0:02:45]} Qd5 {[%emt 0:17:51]} 10. Nb5 {[%emt 0:12:57]} (10. exf7+ $14 Qxf7 11. Be3) 10... Qxd1+ {[%emt 0:04:11]} 11. Kxd1 {[%emt 0:00:02]} Na6 {[%emt 0:00:10]} 12. exf7+ {[%emt 0:00:07]} Kxf7 {[%emt 0:00:05]} 13. Bc4+ {[%emt 0:00:12]} Kg6 {[%emt 0:01:33]} 14. h3 {[%emt 0:00:57]} Rd8+ {[%emt 0:00:43]} 15. Ke2 {[%emt 0:01:13]} c6 {[%emt 0:02:42]} 16. Nc3 {[%emt 0:01:29]} b5 {[%emt 0:01:18]} 17. Bb3 {[%emt 0:00:11]} Nc5 {[%emt 0:00:05]} 18. Be3 $15 {[%emt 0:02:00]} a5 {[%emt 0:04:03]} 19. Bxc5 {[%emt 0:09:55]} Bxc5 {[%emt 0:00:18]} 20. a4 {[%emt 0:00:15]} Bd4 {[%emt 0:01:48]} 21. axb5 {[%emt 0:08:35]} Bxc3 {[%emt 0:01:13]} 22. bxc3 {[%emt 0:01:26]} cxb5 {[%emt 0:00:03]} 23. Ke3 {[%emt 0:06:52]} a4 {[%emt 0:00:46]} 24. Ba2 {[%emt 0:00:03]} Ra6 {[%emt 0:05:37]} 25. Rab1 {[%emt 0:03:58]} Rc6 {[%emt 0:04:14]} 26. c4 {[%emt 0:00:21]} Be6 {[%emt 0:00:48]} 27. Rxb5 {[%emt 0:03:18]} Bxc4 {[%emt 0:00:08]} 28. Bxc4 {[%emt 0:00:13]} Rxc4 {[%emt 0:00:03]} 29. Ra1 {[%emt 0:05:41]} Rf8 {[%emt 0:00:31]} 30. Ra2 {[%emt 0:00:17]} Rf5 {[%emt 0:03:59]} 31. Rb6+ {[%emt 0:00:48]} Rf6 {[%emt 0:00:08]} 32. Rb5 {[%emt 0:00:39]} h5 {[%emt 0:07:41]} 33. Ra5 {[%emt 0:04:33]} Rc3+ {[%emt 0:00:32]} 34. Kd4 {[%emt 0:00:16]} Rcf3 {[%emt 0:04:03]} 35. c4 {[%emt 0:00:13]} e3 {[%emt 0:02:33]} 36. fxe3 {[%emt 0:00:38]} Rxg3 {[%emt 0:00:01]} 37. R5xa4 {[%emt 0:03:12]} Rxh3 {[%emt 0:01:22]} 38. Ra6 {[%emt 0:00:51]} Rh1 {[%emt 0:00:54]} 39. Rg2+ {[%emt 0:01:59]} Kh6 {[%emt 0:03:41]} 40. Rxf6+ gxf6 {[%emt 0:00:01]} 41. Rc2 {[%emt 0:01:32]} Rd1+ {[%emt 0:00:34]} 42. Ke4 {[%emt 0:00:19]} h4 {[%emt 0:04:48]} 43. c5 {[%emt 0:00:38]} Kg5 {[%emt 0:04:45]} 44. c6 {[%emt 0:02:13]} Rd8 {[%emt 0:00:11]} 45. Rg2+ {[%emt 0:03:08]} Kh5 {[%emt 0:00:06]} 46. c7 {[%emt 0:04:44]} Rc8 {[%emt 0:01:07]} 47. Rg7 {[%emt 0:00:03]} Kh6 {[%emt 0:01:01]} 48. Rd7 {[%emt 0:00:09]} h3 {[%emt 0:14:49]} 49. Kf3 {[%emt 0:00:08]} Kg5 {[%emt 0:00:04]} 50. Kg3 {[%emt 0:00:23]} Kf5 {[%emt 0:00:10]} 51. Kxh3 {[%emt 0:00:56]} Ke4 {[%emt 0:00:03]} 52. Kg4 {[%emt 0:00:54]} Ke5 {[%emt 0:02:45]} 53. Re7+ {[%emt 0:02:09]} Kd6 {[%emt 0:00:06]} 54. Rg7 {[%emt 0:00:21]} Ke5 {[%emt 0:00:31]} 55. Kf3 {[%emt 0:00:30]} Ra8 {[%emt 0:01:25]} 56. Rg1 {[%emt 0:00:25]} Kd6 {[%emt 0:00:29]} 57. Rg7 {[%emt 0:01:03]} Ke5 {[%emt 0:00:13]} 58. Re7+ {[%emt 0:00:31]} Kd6 {[%emt 0:00:07]} 59. Rh7 {[%emt 0:00:01]} Ke5 {[%emt 0:00:13]} 60. Kg4 {[%emt 0:00:41]} Ra4+ {[%emt 0:01:21]} 61. Kh5 {[%emt 0:00:05]} Rc4 {[%emt 0:00:06]} 62. Kg6 {[%emt 0:00:22]} Ke6 {[%emt 0:00:05]} 63. e4 {[%emt 0:01:25]} Rc1 {[%emt 0:00:06]} 64. Rg7 {[%emt 0:00:07]} Rc2 {[%emt 0:00:44]} 65. Rh7 {[%emt 0:00:39]} Rc1 {[%emt 0:00:12]} 66. Rg7 {[%emt 0:00:35]} Rc2 {[%emt 0:00:07]} 67. Rh7 {[%emt 0:00:56]} Rc1 {[%emt 0:00:07]} 68. Rf7 {[%emt 0:00:16]} Rg1+ {[%emt 0:00:06]} 69. Kh5 {[%emt 0:00:01]} Rc1 {[%emt 0:00:11]} 70. Rg7 {[%emt 0:00:06]} Ke5 {[%emt 0:00:28]} 71. Re7+ {[%emt 0:00:21]} Kd6 {[%emt 0:00:06]} 72. Rh7 {[%emt 0:00:04]} Ke5 {[%emt 0:00:25]} 73. Kg6 {[%emt 0:00:41]} Ke6 {[%emt 0:00:05]} 74. Kh6 {[%emt 0:00:11]} Ke5 {[%emt 0:00:47]} 75. Re7+ {[%emt 0:00:14]} Kd6 {[%emt 0:00:03]} 76. Rf7 {[%emt 0:00:06]} Ke6 {[%emt 0:00:06]} 77. Kg7 {[%emt 0:00:12]} Rg1+ {[%emt 0:04:58]} 78. Kf8 {[%emt 0:00:04]} Rc1 {[%emt 0:00:08]} 79. Ke8 {[%emt 0:00:20]} Kd6 {[%emt 0:00:23]} 1-0

[Event "2nd Guotai Cup Belt Road 2019"]
[Site "Qinhuangdao"]
[Date "2019.04.20"]
[Round "5.9"]
[White "Peng, Hongchi"]
[Black "Zhang, Ziji"]
[Result "1-0"]
[WhiteElo "2347"]
[BlackElo "2414"]
[Annotator "NA"]
[PlyCount "147"]
[EventDate "2019.04.16"]
[EventType "swiss"]
[EventCountry "CHN"]
[SourceTitle "playchess.com"]
[Source "ChessBase"]
[SourceQuality "1"]
[TimeControl "5400+30"]

1. e4 {[%emt 0:00:00]} e5 {[%emt 0:00:00]} 2. Nf3 {[%emt 0:00:00]} Nc6 {[%emt 0:00:00]} 3. Bb5 {[%emt 0:00:00]} a6 {[%emt 0:00:02]} 4. Ba4 {[%emt 0:00:00]} Nf6 {[%emt 0:00:24]} 5. O-O {[%emt 0:00:00]} Be7 {[%emt 0:00:23]} 6. Re1 {[%emt 0:00:00]} b5 {[%emt 0:00:08]} 7. Bb3 {[%emt 0:00:00]} d6 {[%emt 0:00:11]} 8. c3 {[%emt 0:00:09]} O-O {[%emt 0:00:19]} 9. h3 {[%emt 0:00:02]} Bb7 {[%emt 0:00:19]} 10. d4 {[%emt 0:00:06]} Re8 {[%emt 0:00:10]} 11. Ng5 {[%emt 0:02:40]} Rf8 {[%emt 0:00:07]} 12. Nf3 {[%emt 0:00:02]} Re8 {[%emt 0:01:33]} 13. Nbd2 {[%emt 0:01:19]} Bf8 {[%emt 0:00:26]} 14. a4 {[%emt 0:00:46]} h6 {[%emt 0:00:41]} 15. Bc2 {[%emt 0:00:12]} exd4 {[%emt 0:00:42]} 16. cxd4 {[%emt 0:00:04]} Nb4 {[%emt 0:00:08]} 17. Bb1 {[%emt 0:00:03]} c5 {[%emt 0:00:08]} 18. d5 {[%emt 0:00:03]} c4 {[%emt 0:01:33]} ({Black should try} 18... Nd7 $11) 19. Ra3 {[%emt 0:00:12]} (19. Nd4 $14) 19... Nd7 {[%emt 0:01:15]} 20. Ree3 {[%emt 0:00:24]} Rc8 {[%emt 0:01:25]} 21. Nd4 {[%emt 0:07:48]} Ne5 {[%emt 0:05:03]} 22. axb5 {[%emt 0:09:40]} axb5 {[%emt 0:00:05]} 23. N2f3 {[%emt 0:07:35]} Ned3 {[%emt 0:08:48]} 24. Nxb5 {[%emt 0:03:56]} Qb6 {[%emt 0:01:10]} 25. Nc3 {[%emt 0:00:36]} g6 {[%emt 0:02:05]} (25... Nxc1 $14 26. Qxc1 Be7) 26. Na4 {[%emt 0:01:18]} ({Don't do} 26. Bxd3 Nxd3 27. Na4 Qb5 $16) 26... Qa7 {[%emt 0:16:22]} 27. Bd2 {[%emt 0:02:38]} Bg7 $16 {[%emt 0:01:16]} 28. Bc3 {[%emt 0:24:27]} Nxd5 {[%emt 0:08:27]} 29. Rxd3 {[%emt 0:19:22]} cxd3 {[%emt 0:00:13]} 30. exd5 {[%emt 0:00:03]} Bxd5 {[%emt 0:04:17]} 31. Bxd3 {[%emt 0:02:06]} Qb7 {[%emt 0:01:48]} 32. Bxg7 {[%emt 0:09:12]} Bxf3 {[%emt 0:01:39]} 33. Qxf3 {[%emt 0:02:19]} Rc1+ {[%emt 0:02:10]} 34. Kh2 {[%emt 0:00:04]} Qxf3 {[%emt 0:00:04]} 35. gxf3 {[%emt 0:00:01]} Kxg7 {[%emt 0:00:06]} 36. f4 {[%emt 0:01:14]} Rb8 {[%emt 0:05:04]} 37. Rc3 {[%emt 0:05:47]} Rxc3 {[%emt 0:06:29]} 38. bxc3 {[%emt 0:00:01]} Kf6 {[%emt 0:01:10]} 39. Kg2 {[%emt 0:00:10]} g5 {[%emt 0:01:12]} 40. Kf3 {[%emt 0:00:25]} Rb3 {[%emt 0:00:54]} 41. fxg5+ {[%emt 0:02:01]} hxg5 {[%emt 0:00:04]} 42. Kg4 {[%emt 0:01:47]} Rb8 {[%emt 0:03:01]} 43. f3 {[%emt 0:01:00]} Rb7 {[%emt 0:04:55]} 44. Be4 {[%emt 0:00:29]} Rb8 {[%emt 0:00:09]} 45. c4 {[%emt 0:00:47]} Rh8 {[%emt 0:01:29]} 46. Nb6 {[%emt 0:00:52]} Rh4+ {[%emt 0:00:03]} 47. Kg3 {[%emt 0:00:02]} Ke5 {[%emt 0:00:18]} 48. Bd5 {[%emt 0:00:35]} Kf6 {[%emt 0:05:06]} 49. Nc8 {[%emt 0:00:24]} Ke5 {[%emt 0:01:41]} 50. Bxf7 {[%emt 0:00:14]} Rd4 {[%emt 0:01:29]} 51. Bd5 {[%emt 0:00:40]} Rh4 {[%emt 0:00:12]} 52. Ne7 {[%emt 0:00:16]} Kf6 {[%emt 0:00:13]} 53. Nc6 {[%emt 0:00:08]} Rf4 {[%emt 0:00:13]} 54. Be4 {[%emt 0:00:13]} Rh4 {[%emt 0:00:11]} 55. Nb4 {[%emt 0:00:25]} Rh8 {[%emt 0:00:20]} 56. Nd3 {[%emt 0:00:19]} Rc8 {[%emt 0:00:49]} 57. Bd5 {[%emt 0:00:03]} Kf5 {[%emt 0:00:05]} 58. Nf2 {[%emt 0:00:41]} Rb8 {[%emt 0:00:30]} 59. Be4+ {[%emt 0:01:00]} Kf6 {[%emt 0:00:14]} 60. Ng4+ {[%emt 0:00:49]} Ke6 {[%emt 0:00:10]} 61. Bd5+ {[%emt 0:02:09]} Kf5 {[%emt 0:00:05]} 62. Nh6+ {[%emt 0:00:17]} Kg6 {[%emt 0:01:07]} 63. Ng4 {[%emt 0:00:48]} Kf5 {[%emt 0:00:04]} 64. Nf2 {[%emt 0:00:07]} Rb6 {[%emt 0:03:01]} 65. Ne4 {[%emt 0:00:24]} Ra6 {[%emt 0:00:09]} 66. Bb7 {[%emt 0:00:18]} Rb6 {[%emt 0:00:12]} 67. Bc8+ {[%emt 0:00:13]} Kg6 {[%emt 0:00:33]} 68. Be6 {[%emt 0:00:25]} Ra6 {[%emt 0:00:10]} 69. Bd7 {[%emt 0:00:59]} Rb6 {[%emt 0:00:13]} 70. Kg4 {[%emt 0:00:15]} Rb1 {[%emt 0:00:52]} 71. Be8+ {[%emt 0:00:10]} Kh6 {[%emt 0:00:03]} 72. Nxd6 {[%emt 0:00:28]} Rg1+ {[%emt 0:00:18]} 73. Kf5 {[%emt 0:00:03]} Rg3 {[%emt 0:00:05]} 74. Nf7+ {[%emt 0:00:07]} 1-0

[Event "2nd Guotai Cup Belt Road 2019"]
[Site "Qinhuangdao"]
[Date "2019.04.20"]
[Round "5.10"]
[White "Ma, Lin"]
[Black "Peng, Xiongjian"]
[Result "0-1"]
[WhiteElo "2167"]
[BlackElo "2459"]
[Annotator "ChessBase"]
[PlyCount "114"]
[EventDate "2019.04.16"]
[EventType "swiss"]
[EventCountry "CHN"]
[SourceTitle "playchess.com"]
[Source "ChessBase"]
[SourceQuality "1"]
[TimeControl "5400+30"]

1. d4 {[%emt 0:00:00]} Nf6 {[%emt 0:00:06]} 2. c4 {[%emt 0:00:00]} c5 {[%emt 0:00:11]} 3. d5 {[%emt 0:02:27]} e6 {[%emt 0:00:07]} 4. Nc3 {[%emt 0:00:55]} exd5 {[%emt 0:00:06]} 5. cxd5 {[%emt 0:00:03]} Bd6 {[%emt 0:02:00]} 6. Nf3 {[%emt 0:04:46]} O-O {[%emt 0:01:05]} 7. Nd2 {[%emt 0:03:12]} Bc7 {[%emt 0:01:28]} 8. e4 {[%emt 0:01:13]} Re8 {[%emt 0:03:26]} 9. Be2 {[%emt 0:03:46]} Be5 {[%emt 0:03:14]} 10. O-O {[%emt 0:14:12]} a6 {[%emt 0:00:15]} 11. a4 {[%emt 0:00:58]} Qc7 {[%emt 0:00:23]} 12. h3 {[%emt 0:06:15]} d6 {[%emt 0:00:11]} 13. Re1 {[%emt 0:01:54]} Nbd7 {[%emt 0:00:53]} 14. Bd3 {[%emt 0:07:51]} Bxc3 {[%emt 0:04:18]} 15. bxc3 {[%emt 0:00:05]} Ne5 {[%emt 0:00:03]} 16. Bf1 {[%emt 0:04:18]} c4 {[%emt 0:00:09]} 17. Qc2 {[%emt 0:12:37]} Bd7 {[%emt 0:01:15]} 18. f4 {[%emt 0:06:31]} Ng6 {[%emt 0:02:56]} 19. Nxc4 {[%emt 0:01:23]} Nxd5 {[%emt 0:00:41]} 20. Ba3 {[%emt 0:03:01]} Ndxf4 {[%emt 0:03:18]} 21. Nxd6 {[%emt 0:00:52]} Re6 {[%emt 0:01:05]} 22. Nf5 {[%emt 0:07:26]} Ne5 {[%emt 0:05:30]} 23. Qf2 {[%emt 0:00:00]} Nfg6 {[%emt 0:03:44]} 24. Qd4 {[%emt 0:00:00]} Rc8 {[%emt 0:00:45]} 25. Re3 {[%emt 0:01:19]} Qb6 {[%emt 0:02:34]} 26. Nd6 {[%emt 0:00:28]} Rc6 {[%emt 0:00:37]} 27. a5 {[%emt 0:05:39]} Qc7 {[%emt 0:02:16]} 28. Nf5 {[%emt 0:00:56]} h6 {[%emt 0:05:00]} 29. Bb4 {[%emt 0:00:54]} Rf6 {[%emt 0:00:57]} 30. Be7 {[%emt 0:01:16]} Rfe6 {[%emt 0:00:45]} 31. Bb4 {[%emt 0:00:03]} Kh7 {[%emt 0:02:39]} 32. Rd1 {[%emt 0:01:32]} Rf6 {[%emt 0:00:54]} 33. Be7 {[%emt 0:01:38]} Rfe6 {[%emt 0:03:52]} 34. Bb4 {[%emt 0:00:01]} Bc8 {[%emt 0:01:09]} 35. Ree1 {[%emt 0:03:51]} Rf6 {[%emt 0:08:59]} 36. Qf2 {[%emt 0:03:25]} Be6 {[%emt 0:03:33]} 37. Be2 {[%emt 0:01:38]} Qc8 {[%emt 0:02:20]} 38. Rf1 {[%emt 0:00:26]} Bb3 {[%emt 0:02:07]} 39. Rd4 {[%emt 0:00:46]} Rce6 {[%emt 0:00:55]} 40. Qe3 {[%emt 0:01:45]} Qc6 {[%emt 0:04:49]} 41. Ng3 {[%emt 0:00:28]} Rxf1+ {[%emt 0:01:51]} 42. Bxf1 {[%emt 0:00:03]} Qc7 {[%emt 0:00:32]} 43. Rd2 {[%emt 0:01:01]} Nh4 {[%emt 0:02:05]} 44. Rf2 {[%emt 0:00:34]} Bc4 {[%emt 0:02:32]} 45. Nf5 {[%emt 0:00:23]} Nhg6 {[%emt 0:01:56]} 46. Qd4 {[%emt 0:00:28]} Bxf1 {[%emt 0:01:02]} 47. Rxf1 {[%emt 0:00:03]} Qc6 {[%emt 0:00:58]} 48. Nd6 {[%emt 0:00:48]} Re7 {[%emt 0:01:58]} 49. Qd5 {[%emt 0:00:43]} f6 {[%emt 0:00:36]} 50. Qd4 {[%emt 0:00:33]} Rd7 {[%emt 0:00:13]} 51. Rd1 {[%emt 0:00:21]} Qa4 {[%emt 0:01:30]} 52. Rd2 {[%emt 0:00:32]} Nc6 {[%emt 0:01:09]} 53. Qc5 {[%emt 0:00:30]} Qa1+ {[%emt 0:01:10]} 54. Kh2 {[%emt 0:00:09]} Qe1 {[%emt 0:00:07]} 55. Qf5 {[%emt 0:00:54]} Qxd2 {[%emt 0:01:19]} 56. Qxd7 {[%emt 0:00:02]} Nxb4 {[%emt 0:00:16]} 57. cxb4 {[%emt 0:00:04]} Nh4 {[%emt 0:00:07]} 0-1

[Event "2nd Guotai Cup Belt Road 2019"]
[Site "Qinhuangdao"]
[Date "2019.04.21"]
[Round "6.1"]
[White "Idani, Pouya"]
[Black "Oparin, Grigoriy"]
[Result "1-0"]
[WhiteElo "2590"]
[BlackElo "2624"]
[Annotator "TA"]
[PlyCount "93"]
[EventDate "2019.04.16"]
[EventType "swiss"]
[EventCountry "CHN"]
[SourceTitle "playchess.com"]
[Source "ChessBase"]
[SourceQuality "1"]

{[%evp 9,93,21,21,12,25,21,14,22,32,22,76,72,57,29,41,39,27,27,26,27,33,20,64,60,68,52,41,0,9,0,66,50,54,59,73,58,70,40,102,112,157,156,147,147,139,39,109,93,104,0,0,0,147,143,216,223,225,225,229,225,362,348,465,390,387,384,387,375,376,368,360,356,468,468,442,418,544,546,538,535,525,503,488,442,607,473]} 1. e4 c6 2. d4 d5 3. e5 c5 4. dxc5 e6 5. Nf3 Bxc5 6. a3 {B12: Caro-Kann: Advance Variation} Ne7 7. b4 (7. Bd3 Ng6 8. O-O O-O 9. Nbd2 Nc6 10. b4 Bb6 11. Bxg6 fxg6 12. Nb3 Bd7 13. Re1 {1-0 (29) Anand,V (2773)-Mamedyarov,S (2817) Wijk aan Zee 2019}) 7... Bb6 8. Bb2 {The position is equal.} Ng6 9. h4 f6 $146 (9... h6 $11 {remains equal.}) ({Predecessor:} 9... h5 10. g3 Nc6 11. Bd3 Bd7 12. O-O Nge7 {1-0 (44) Wan,Y (2492)-Xu,X (2549) China 2017}) 10. exf6 $16 gxf6 11. h5 Ne5 $1 12. Nxe5 fxe5 13. Bxe5 Rf8 14. f4 Nc6 15. Bb5 Bd7 16. Bxc6 $1 Bxc6 17. h6 a5 18. Qd3 (18. b5 $5 Bxb5 19. Nc3 $14) 18... Qd7 19. bxa5 Rxa5 (19... Bb5 $11 20. Qf3 Bxa5+ 21. Nd2 Qc6) 20. Nd2 $14 Ra4 21. g3 Qe7 22. Kd1 Rf5 23. Bg7 Re4 {[#]} (23... d4 $14 24. Rh2 Bd8) 24. Qb3 $1 $16 Ba7 {Threatening ...Re3.} 25. Nxe4 dxe4 26. Be5 e3 27. Re1 ({Better is} 27. Rh2 $16) 27... Rh5 (27... Qd8+ $1 $14 28. Qd3 Qa5 29. Rxe3 Bxe3 30. Qxe3 Rh5) 28. Kc1 Qd7 29. Kb2 (29. Qb4 $16) 29... Bd4+ $1 $11 {[%mdl 64] Double Attack} 30. Kb1 $1 {And now g4 would win.} ({But not} 30. Bxd4 $2 Qxd4+ 31. Kb1 {[#]} Rb5 $1 $19 {[%mdl 512]}) 30... Bxe5 (30... e2 $1 $11 {keeps the balance.} 31. Qb4 (31. Bxd4 Rb5 $11) 31... Bxa1 32. Kxa1 Rxh6) 31. fxe5 $16 Rxe5 (31... e2 $16 32. Qe3 (32. Rxe2 $2 Qd1+ 33. Kb2 Qxe2 $17) 32... Bb5) 32. Qc3 $18 Qd5 33. Kc1 ({Don't go for} 33. Rxe3 $2 Qb5+ 34. Kc1 Qf1+ 35. Kb2 Rb5+ 36. Qb3 Rxb3+ 37. Rxb3 Qf6+ 38. Rc3 e5 $19) 33... e2 34. Rb1 Kd7 (34... Rf5 {was necessary.} 35. Rxe2 Qh1+ 36. Re1 Qxh6+ 37. Kb2 Rf3) 35. Rb4 {Threatens to win with Rd4.} Kc8 36. Rd4 Qf3 37. Qxf3 Bxf3 {[%mdl 4096] Endgame KRR-KRB} 38. Rf4 Bh5 39. g4 Bg6 40. Rf2 Re4 41. Rexe2 Rxg4 42. Rxe6 Rh4 43. Re7 {Rf8+ would kill now.White is clearly winning.} Kb8 44. Rf8+ Ka7 45. Rc8 Kb6 46. Rcc7 Be4 47. Rc4 {Accuracy: White = 75%, Black = 37%.} 1-0

[Event "2nd Guotai Cup Belt Road 2019"]
[Site "Qinhuangdao"]
[Date "2019.04.21"]
[Round "6.2"]
[White "Antipov, Mikhail Al."]
[Black "Dai, Changren"]
[Result "1/2-1/2"]
[WhiteElo "2605"]
[BlackElo "2472"]
[Annotator "TA"]
[PlyCount "50"]
[EventDate "2019.04.16"]
[EventType "swiss"]
[EventCountry "CHN"]
[SourceTitle "playchess.com"]
[Source "ChessBase"]
[SourceQuality "1"]

{[%evp 9,50,1,17,21,15,0,5,0,4,4,12,12,4,8,12,10,8,0,0,0,0,0,0,0,0,0,0,0,0,-54,-44,-46,-41,-41,-47,-52,-39,-51,-45,-55,-44,-46,-53]} 1. c4 e6 2. Nf3 Nf6 3. g3 d5 4. Bg2 dxc4 5. Qa4+ Bd7 6. Qxc4 {A13: English Opening: 1...e6} c5 7. Ne5 Qc8 8. Qd3 {The position is equal.} Nc6 9. Nxd7 Nxd7 10. b3 Be7 11. Bb2 O-O 12. O-O (12. Nc3 Rd8 13. Rc1 Nf6 {½-½ (45) Cheparinov,I (2711)-Grandelius,N (2678) Germany 2019}) 12... Rd8 13. Rc1 $146 ({Predecessor:} 13. Qc2 Nf6 {½-½ (38) Donchenko,A (2604)-Dragnev,V (2511) Caleta 2019}) 13... Nf6 $36 {[%mdl 2048] Black has some pressure.} 14. Qc2 Qd7 15. d3 Rac8 16. Nd2 b6 17. a3 Nd5 18. e3 Bf6 {[#] Hoping for ...Ncb4!} 19. Bxd5 (19. Rd1 $11) 19... Qxd5 $15 {Black is slightly better.} 20. Bxf6 gxf6 21. Ne4 Kg7 22. Rd1 $1 f5 23. Nc3 Qf3 24. Qb2 f6 25. Ne2 Rd6 {Accuracy: White = 69%, Black = 98%.} 1/2-1/2